Empirical Processes in M-Estimation (Record no. 1308211)
[ view plain ]
| 000 -LEADER | |
|---|---|
| fixed length control field | 01370nam a2200217 4500 |
| 005 - DATE AND TIME OF LATEST TRANSACTION | |
| control field | 20250326154541.0 |
| 008 - FIXED-LENGTH DATA ELEMENTS--GENERAL INFORMATION | |
| fixed length control field | 250326b |||||||| |||| 00| 0 eng d |
| 020 ## - INTERNATIONAL STANDARD BOOK NUMBER | |
| International Standard Book Number | 9780521123259 |
| 037 ## - SOURCE OF ACQUISITION | |
| Terms of availability | Textual |
| 040 ## - CATALOGING SOURCE | |
| Original cataloging agency | RTL |
| Transcribing agency | RTL |
| 084 ## - COLON CLASSIFICATION NUMBER | |
| Classification number | X:(B2895) Q0 |
| Assigning agency | RTL |
| 100 ## - MAIN ENTRY--PERSONAL NAME | |
| Personal name | Geer, Sara van de |
| 9 (RLIN) | 751506 |
| 245 ## - TITLE STATEMENT | |
| Title | Empirical Processes in M-Estimation |
| 260 ## - PUBLICATION, DISTRIBUTION, ETC. | |
| Place of publication, distribution, etc. | New York |
| Name of publisher, distributor, etc. | Cambridge University Press |
| Date of publication, distribution, etc. | 2000 |
| 300 ## - PHYSICAL DESCRIPTION | |
| Extent | xii, 286p. |
| Other physical details | Includes appendix, references, symbol index, author index and subject index |
| 520 ## - SUMMARY, ETC. | |
| Summary, etc. | The theory of empirical processes provides valuable tools for the development of asymptotic theory in (nonparametric) statistical models, and makes possible the unified treatment of a number of them. This book reveals the relation between the asymptotic behaviour of M-estimators and the complexity of parameter space. Virtually all results are proved using only elementary ideas developed within the book; there is minimal recourse to abstract theoretical results. To make the results concrete, a detailed treatment is presented for two important examples of M-estimation, namely maximum likelihood and least squares. The theory also covers estimation methods using penalties and sieves |
| 650 ## - SUBJECT ADDED ENTRY--TOPICAL TERM | |
| Topical term or geographic name entry element | Mathematics |
| 650 ## - SUBJECT ADDED ENTRY--TOPICAL TERM | |
| Topical term or geographic name entry element | Probabilities |
| 650 ## - SUBJECT ADDED ENTRY--TOPICAL TERM | |
| Topical term or geographic name entry element | Statistics |
| 942 ## - ADDED ENTRY ELEMENTS (KOHA) | |
| Source of classification or shelving scheme | Colon Classification (CC) |
| Suppress in OPAC | No |
| Koha item type | Textbook |
| Classification part | X:(B2895) Q0 |
| Withdrawn status | Lost status | Source of classification or shelving scheme | Damaged status | Not for loan | Home library | Current library | Date acquired | Total Checkouts | Full call number | Barcode | Date last seen | Price effective from | Koha item type |
|---|---|---|---|---|---|---|---|---|---|---|---|---|---|
| Colon Classification (CC) | Ratan Tata Library | Ratan Tata Library | 2025-03-26 | X:(B2895) Q0 | RT1528382 | 2025-03-26 | 2025-03-26 | Textbook |
